[Event "GER-ch Net Amateur Gr-B Vor3"]
[Site "Playchess.com INT"]
[Date "2020.04.16"]
[Round "5"]
[White "Deckert, Frank"]
[Black "Sossna, Gerald"]
[Result "0-1"]
[WhiteElo "1458"]
[BlackElo "1593"]
[PlyCount "62"]
[EventDate "2020.04.16"]
[EventType "swiss (blitz)"]
[EventRounds "9"]
[EventCountry "GER"]
[SourceTitle "CBM 195 Extra"]
[Source "ChessBase"]
[SourceDate "2020.05.31"]
[SourceVersion "1"]
[SourceVersionDate "2020.05.31"]
[SourceQuality "1"]

1. c4 c5 2. Nc3 Nf6 3. Nf3 d6 4. g3 e5 5. d3 Nc6 6. Bg2 Be7 7. 0-0 Bd7 8. a3 Qc8 9. Rb1 0-0 10. b4 b6 11. b5 Nd8 12. Nxe5 dxe5 13. Bxa8 Qxa8 14. e4 Bh3 15. Re1 Ne6 16. Be3 Qd8 17. Nd5 Nd4 18. Bxd4 exd4 19. f4 Bg4 20. Qd2 Nxd5 21. exd5 Bf6 22. Qf2 h5 23. Kg2 h4 24. h3 hxg3 25. Qd2 Bf5 26. Kxg3 Bh4+ 27. Kg2 Bxe1 28. Rxe1 Qh4 29. Rh1 Re8 30. Qf2 Qxf2+ 31. Kxf2 Bxd3 0-1

[Event "GER-ch Net Amateur Gr-B Vor2"]
[Site "Playchess.com INT"]
[Date "2020.04.15"]
[Round "9"]
[White "Deckert, Frank"]
[Black "Kanbach, Mike"]
[Result "1-0"]
[WhiteElo "1428"]
[BlackElo "1494"]
[PlyCount "61"]
[EventDate "2020.04.15"]
[EventType "swiss (blitz)"]
[EventRounds "9"]
[EventCountry "GER"]
[SourceTitle "CBM 196 Extra"]
[Source "ChessBase"]
[SourceDate "2020.07.31"]
[SourceVersion "1"]
[SourceVersionDate "2020.07.31"]
[SourceQuality "1"]

1. d4 e6 2. Bf4 g5 3. Bg3 h5 4. h3 Bg7 5. e3 d6 6. c3 Nd7 7. Bd3 f5 8. Nd2 Ngf6 9. Ne2 b6 10. e4 f4 11. Bh2 Bb7 12. f3 Qe7 13. a4 a5 14. Qb3 Bh6 15. Bc4 d5 16. exd5 exd5 17. Bd3 g4 18. hxg4 hxg4 19. 0-0-0 0-0-0 20. Nxf4 Bxf4 21. Bxf4 Qg7 22. g3 gxf3 23. Nxf3 Ng4 24. Rhf1 Rdf8 25. Ng5 Re8 26. Rde1 Ngf6 27. Ne6 Qf7 28. Nxc7 Rxe1+ 29. Rxe1 Rh2 30. Nb5 Qh5 31. Nd6+ 1-0

[Event "GER-ch Net Amateur Gr-B Vor2"]
[Site "Playchess.com INT"]
[Date "2020.04.15"]
[Round "8"]
[White "Homann, Christoph"]
[Black "Deckert, Frank"]
[Result "1/2-1/2"]
[WhiteElo "1426"]
[BlackElo "1428"]
[PlyCount "120"]
[EventDate "2020.04.15"]
[EventType "swiss (blitz)"]
[EventRounds "9"]
[EventCountry "GER"]
[SourceTitle "CBM 196 Extra"]
[Source "ChessBase"]
[SourceDate "2020.07.31"]
[SourceVersion "1"]
[SourceVersionDate "2020.07.31"]
[SourceQuality "1"]

1. d4 Nf6 2. c4 e6 3. Nc3 Bb4 4. Qc2 c5 5. Nf3 0-0 6. Bg5 h6 7. Bh4 d6 8. e3 Nbd7 9. Be2 Qa5 10. 0-0 Bxc3 11. bxc3 Re8 12. Bg3 e5 13. dxe5 dxe5 14. Rab1 Qd8 15. Rfd1 Qe7 16. Nd2 b6 17. a4 Bb7 18. f3 Nf8 19. e4 Ng6 20. Nf1 Nh5 21. Bf2 Nhf4 22. g3 Ne6 23. Rd2 Red8 24. Rbd1 Rxd2 25. Rxd2 Rd8 26. Rxd8+ Qxd8 27. Qd3 Qxd3 28. Bxd3 Ng5 29. Kg2 Ne7 30. Ne3 Ne6 31. Nd5 Kf8 32. f4 exf4 33. Nxf4 Nxf4+ 34. gxf4 f5 35. Kf3 Ng6 36. Ke3 fxe4 37. Bxe4 Bxe4 38. Kxe4 Ke7 39. f5 Nf8 40. Bh4+ Kd6 41. Bg3+ Ke7 42. Ke5 Nd7+ 43. Kd5 Nf6+ 44. Kc6 Ne4 45. Be5 Kf7 46. Kb7 Nd2 47. Kxa7 Nxc4 48. Bg3 Nb2 49. Kxb6 Nxa4+ 50. Kb5 Nxc3+ 51. Kxc5 Ne2 52. Kd5 Nxg3 53. hxg3 Kf6 54. Ke4 g6 55. fxg6 Kxg6 56. Kf4 h5 57. Kf3 Kg5 58. Kg2 Kg4 59. Kh2 h4 60. gxh4 Kxh4 1/2-1/2

[Event "GER-ch Net Amateur Gr-A Vor1"]
[Site "Playchess.com INT"]
[Date "2020.04.14"]
[Round "5"]
[White "Frohnhaeuser, Simon"]
[Black "Deckert, Frank"]
[Result "1-0"]
[WhiteElo "1717"]
[BlackElo "1452"]
[PlyCount "25"]
[EventDate "2020.04.14"]
[EventType "swiss (blitz)"]
[EventRounds "9"]
[EventCountry "GER"]
[SourceTitle "EXT 2021"]
[Source "ChessBase"]
[SourceDate "2020.10.23"]
[SourceVersion "1"]
[SourceVersionDate "2020.10.23"]
[SourceQuality "1"]

1. e4 c6 2. Nc3 d5 3. Nf3 dxe4 4. Nxe4 Bf5 5. Ng3 Bg6 6. h4 h6 7. Ne5 Bh7 8. Qh5 Qd5 9. Bc4 g6 10. Bxd5 gxh5 11. Bxf7+ Kd8 12. Bxh5 Nf6 13. Nf7+ 1-0

[Event "Ruhrgebiet Verbandsklasse Gruppe 3 1819"]
[Site "Nordrheinwestfalen"]
[Date "2019.03.10"]
[Round "7.7"]
[White "Langer, Raimund"]
[Black "Deckert, Frank"]
[Result "1-0"]
[WhiteElo "1777"]
[BlackElo "1880"]
[PlyCount "55"]
[EventDate "2018.09.23"]
[EventType "team-tourn"]
[EventRounds "9"]
[EventCountry "GER"]
[SourceTitle "EXT 2022"]
[Source "ChessBase"]
[SourceDate "2021.10.06"]
[SourceVersion "1"]
[SourceVersionDate "2021.10.06"]
[SourceQuality "1"]
[WhiteTeam "Kirchhellen SF"]
[BlackTeam "Brambauer"]
[WhiteTeamCountry "GER"]
[BlackTeamCountry "GER"]

1. e4 c6 2. d4 d5 3. e5 Bf5 4. Nf3 e6 5. Be2 Ne7 6. 0-0 Nd7 7. Nbd2 c5 8. c4 Nc6 9. Nb3 dxc4 10. Bxc4 a6 11. dxc5 Ncxe5 12. Be2 Qc7 13. Nxe5 Qxe5 14. Be3 Rd8 15. Qc1 Rc8 16. Bf3 Be4 17. Bd4 Qf5 18. Bxe4 Qxe4 19. Qc3 Be7 20. Rfe1 Qg6 21. Re3 Bf6 22. Rg3 Qh6 23. Bxf6 Nxf6 24. Qb4 Rc7 25. c6 b5 26. Qd6 Nd5 27. Rd1 Qh5 28. Rgd3 1-0

[Event "Ruhrgebiet Verbandsklasse Gruppe 3 1819"]
[Site "Nordrheinwestfalen"]
[Date "2019.01.20"]
[Round "5.7"]
[White "Siebert, Martin"]
[Black "Deckert, Frank"]
[Result "1-0"]
[WhiteElo "1945"]
[BlackElo "1871"]
[PlyCount "51"]
[EventDate "2018.09.23"]
[EventType "team-tourn"]
[EventRounds "9"]
[EventCountry "GER"]
[SourceTitle "EXT 2022"]
[Source "ChessBase"]
[SourceDate "2021.10.06"]
[SourceVersion "1"]
[SourceVersionDate "2021.10.06"]
[SourceQuality "1"]
[WhiteTeam "Brackel SF IV"]
[BlackTeam "Brambauer"]
[WhiteTeamCountry "GER"]
[BlackTeamCountry "GER"]

1. e4 c6 2. d4 d5 3. exd5 cxd5 4. Nf3 Nc6 5. c3 Qc7 6. Bd3 g6 7. 0-0 Bg7 8. Re1 Nf6 9. h3 Bf5 10. Bxf5 gxf5 11. Nh4 Ne4 12. Nxf5 Bf6 13. Qf3 e6 14. Ng3 Be7 15. Nxe4 dxe4 16. Rxe4 Rd8 17. Nd2 Rd5 18. Nb3 Rf5 19. Rf4 Rxf4 20. Bxf4 Bd6 21. Bxd6 Qxd6 22. Nc5 Qc7 23. Re1 Nd8 24. Qh5 Kf8 25. Qh6+ Ke7 26. Qg7 1-0

[Event "Ruhrgebiet Verbandsklasse Gruppe 3 1819"]
[Site "Nordrheinwestfalen"]
[Date "2018.12.02"]
[Round "4.5"]
[White "Deckert, Frank"]
[Black "Drewes, Martin"]
[Result "1/2-1/2"]
[WhiteElo "1871"]
[BlackElo "1934"]
[PlyCount "35"]
[EventDate "2018.09.23"]
[EventType "team-tourn"]
[EventRounds "9"]
[EventCountry "GER"]
[SourceTitle "EXT 2022"]
[Source "ChessBase"]
[SourceDate "2021.10.06"]
[SourceVersion "1"]
[SourceVersionDate "2021.10.06"]
[SourceQuality "1"]
[WhiteTeam "Brambauer"]
[BlackTeam "Waltrop SV"]
[WhiteTeamCountry "GER"]
[BlackTeamCountry "GER"]

1. d4 d5 2. Bf4 Nf6 3. e3 e6 4. Nd2 Bd6 5. Bg3 0-0 6. Bd3 c5 7. c3 Re8 8. Ngf3 Nc6 9. Ne5 Qe7 10. Nxc6 bxc6 11. Bxd6 Qxd6 12. 0-0 e5 13. dxe5 Qxe5 14. h3 Rb8 15. Rb1 Bf5 16. Bxf5 Qxf5 17. Qa4 Qd7 18. Rfd1 1/2-1/2

[Event "Ruhrgebiet Verbandsklasse Gruppe 3 1819"]
[Site "Nordrheinwestfalen"]
[Date "2018.11.04"]
[Round "3.7"]
[White "Kraska, Erwin"]
[Black "Deckert, Frank"]
[Result "1/2-1/2"]
[WhiteElo "1535"]
[BlackElo "1871"]
[PlyCount "97"]
[EventDate "2018.09.23"]
[EventType "team-tourn"]
[EventRounds "9"]
[EventCountry "GER"]
[SourceTitle "EXT 2022"]
[Source "ChessBase"]
[SourceDate "2021.10.06"]
[SourceVersion "1"]
[SourceVersionDate "2021.10.06"]
[SourceQuality "1"]
[WhiteTeam "Muelheim Nord IV"]
[BlackTeam "Brambauer"]
[WhiteTeamCountry "GER"]
[BlackTeamCountry "GER"]

1. Nf3 Nf6 2. g3 e6 3. Bg2 d5 4. 0-0 c5 5. d4 Nc6 6. c3 Be7 7. dxc5 Bxc5 8. b4 Bd6 9. b5 Ne5 10. Ba3 Nc4 11. Bxd6 Nxd6 12. a4 Qa5 13. Nd4 Bd7 14. Nb3 Qc7 15. Na3 0-0 16. Rc1 a6 17. Qd3 Nc4 18. Ra1 Rfc8 19. Nd2 Nxa3 20. Rxa3 axb5 21. Rfa1 Rxa4 22. Nb1 Rca8 23. e4 Qc5 24. Rxa4 Rxa4 25. Rxa4 bxa4 26. e5 Ne8 27. Bf1 Nc7 28. Qd2 Bc6 29. Bd3 Nb5 30. Qb2 Nc7 31. Qb4 Qxb4 32. cxb4 f6 33. f4 Bb5 34. Bc2 fxe5 35. fxe5 Bc6 36. Bd3 h6 37. h3 Na8 38. Na3 Nb6 39. Kf2 Kf7 40. Ke3 Ke7 41. Kd4 Be8 42. Kc5 Nd7+ 43. Kd4 Nb8 44. b5 g5 45. Bc2 Nd7 46. Bxa4 Bg6 47. Bd1 Bf5 48. h4 Kd8 49. Bh5 1/2-1/2

[Event "Rheinland Pfalz op 10th"]
[Site "Nickenich"]
[Date "2018.06.02"]
[Round "5"]
[White "Endres, Thomas"]
[Black "Deckert, Frank"]
[Result "1/2-1/2"]
[WhiteElo "1783"]
[BlackElo "2002"]
[PlyCount "62"]
[EventDate "2018.05.31"]
[EventType "swiss"]
[EventRounds "7"]
[EventCountry "GER"]
[SourceTitle "EXT 2019"]
[Source "ChessBase"]
[SourceDate "2018.10.10"]
[SourceVersion "1"]
[SourceVersionDate "2018.10.10"]
[SourceQuality "1"]

1. d4 Nf6 2. g3 e6 3. Bg2 c5 4. c3 d5 5. Nf3 Nc6 6. Nbd2 Be7 7. 0-0 0-0 8. e3 Re8 9. b3 b6 10. Bb2 Ba6 11. Re1 Rc8 12. Ne5 Nxe5 13. dxe5 Nd7 14. c4 Qc7 15. cxd5 exd5 16. f4 Bb7 17. Rc1 Red8 18. Bh3 Qc6 19. Bg2 Qe6 20. Qf3 f5 21. Red1 Nb8 22. Nc4 Rd7 23. Na3 a6 24. Qe2 Rcd8 25. Nb1 Bc6 26. Bf3 Bb5 27. Qg2 Bc6 28. Rd2 b5 29. Rcd1 b4 30. g4 h5 31. gxh5 c4 1/2-1/2

[Event "Rheinland Pfalz op 10th"]
[Site "Nickenich"]
[Date "2018.06.01"]
[Round "3"]
[White "Becker, Dirk"]
[Black "Deckert, Frank"]
[Result "0-1"]
[WhiteElo "2262"]
[BlackElo "2002"]
[PlyCount "114"]
[EventDate "2018.05.31"]
[EventType "swiss"]
[EventRounds "7"]
[EventCountry "GER"]
[SourceTitle "CBM 184 Extra"]
[Source "ChessBase"]
[SourceDate "2018.06.28"]
[SourceVersion "1"]
[SourceVersionDate "2018.06.28"]
[SourceQuality "1"]

1. e4 c5 2. Nf3 d6 3. Bb5+ Nc6 4. 0-0 Bg4 5. c3 Qb6 6. Na3 a6 7. Be2 Nf6 8. Nc4 Qc7 9. Ne3 Bd7 10. Nd5 Qd8 11. Nxf6+ gxf6 12. d4 cxd4 13. cxd4 Rg8 14. d5 Ne5 15. Nxe5 fxe5 16. Qb3 b5 17. f4 Bg7 18. fxe5 Bxe5 19. Bh5 Bf6 20. e5 dxe5 21. d6 Rg6 22. Bxg6 hxg6 23. dxe7 Qb6+ 24. Be3 Qd6 25. Rac1 Bf5 26. Bc5 Qc6 27. Qe3 Rc8 28. b4 Qe6 29. Rce1 Qc4 30. Qh6 Bxe7 31. Rxe5 Rxc5 32. bxc5 Qd4+ 33. Qe3 Qxe3+ 34. Rxe3 Be6 35. Rxe6 fxe6 36. Rc1 Kd7 37. c6+ Kc7 38. Kf2 b4 39. Rc4 a5 40. Ke2 g5 41. Kd3 Bd6 42. h3 a4 43. Re4 Kxc6 44. Rxe6 Kd5 45. Rg6 Be7 46. Ra6 b3 47. Ra5+ Kc6 48. axb3 axb3 49. Kc3 Bb4+ 50. Kxb4 b2 51. Rc5+ Kd6 52. Rc2 b1Q+ 53. Kc3 Ke5 54. Kd2 Kd4 55. Rc8 Qa2+ 56. Rc2 Qb3 57. Rc8 Qe3+ 0-1

[Event "Rheinland Pfalz op 10th"]
[Site "Nickenich"]
[Date "2018.05.03"]
[Round "7"]
[White "Farmani Anosheh, Yasha"]
[Black "Deckert, Frank"]
[Result "1-0"]
[WhiteElo "2164"]
[BlackElo "2002"]
[PlyCount "45"]
[EventDate "2018.05.31"]
[EventType "swiss"]
[EventRounds "7"]
[EventCountry "GER"]
[SourceTitle "EXT 2019"]
[Source "ChessBase"]
[SourceDate "2018.10.10"]
[SourceVersion "1"]
[SourceVersionDate "2018.10.10"]
[SourceQuality "1"]

1. d4 Nf6 2. c4 e6 3. Nf3 Bb4+ 4. Nbd2 c5 5. a3 Bxd2+ 6. Bxd2 d6 7. Qc2 Nbd7 8. e4 e5 9. dxe5 dxe5 10. g4 Qc7 11. Be2 b6 12. g5 Ng8 13. Nh4 Ne7 14. Nf5 g6 15. Ne3 Nc6 16. Nd5 Qd6 17. Bc3 Nd4 18. Bxd4 cxd4 19. b4 h5 20. Rc1 a5 21. c5 bxc5 22. bxc5 Qc6 23. Bb5 1-0

[Event "GER AK-1792 email"]
[Site "GER email"]
[Date "2010.02.17"]
[Round "?"]
[White "Brandl, Alexander"]
[Black "Deckert, Frank"]
[Result "1/2-1/2"]
[WhiteElo "1664"]
[BlackElo "1632"]
[PlyCount "65"]
[EventDate "2010.02.22"]
[EventType "tourn (corr)"]
[EventRounds "6"]
[EventCountry "GER"]
[SourceTitle "Corr 2013"]
[Source "ChessBase"]
[SourceDate "2012.11.12"]
[SourceVersion "1"]
[SourceVersionDate "2012.11.12"]
[SourceQuality "1"]

1. d4 Nf6 2. Bf4 g6 3. e3 Bg7 4. Nf3 0-0 5. Nbd2 b6 6. Bd3 Bb7 7. Qe2 d6 8. 0-0 Nbd7 9. e4 Nh5 10. Be3 c5 11. c3 e5 12. dxe5 dxe5 13. Nc4 Qc7 14. g3 b5 15. Ncd2 c4 16. Bc2 a6 17. Rfd1 Rad8 18. Nf1 Nhf6 19. Bg5 h6 20. Bxf6 Nxf6 21. N3d2 Rd7 22. f3 Rfd8 23. Ne3 Qc5 24. Ndf1 h5 25. a4 Bh6 26. Rxd7 Rxd7 27. axb5 axb5 28. Qf2 b4 29. Ng4 Qxf2+ 30. Nxf2 bxc3 31. bxc3 Rc7 32. Nd1 Bc8 33. Kg2 1/2-1/2

[Event "GER AK-1792 email"]
[Site "GER email"]
[Date "2010.02.17"]
[Round "?"]
[White "Deckert, Frank"]
[Black "Rheindt, Stefan"]
[Result "1-0"]
[WhiteElo "1632"]
[BlackElo "1435"]
[PlyCount "103"]
[EventDate "2010.02.22"]
[EventType "tourn (corr)"]
[EventRounds "6"]
[EventCountry "GER"]
[SourceTitle "Corr 2013"]
[Source "ChessBase"]
[SourceDate "2012.11.12"]
[SourceVersion "1"]
[SourceVersionDate "2012.11.12"]
[SourceQuality "1"]

1. e4 e5 2. Nf3 f5 3. Nxe5 Qf6 4. d4 d6 5. Nc4 fxe4 6. Nc3 Qg6 7. Bf4 Nf6 8. Qd2 Na6 9. 0-0-0 Bd7 10. Ne3 Be6 11. a3 c6 12. d5 cxd5 13. Ncxd5 Rc8 14. Bxa6 bxa6 15. Nxf6+ gxf6 16. Bxd6 Kf7 17. Bxf8 Rhxf8 18. Qd4 Rc7 19. Qd6 Rfc8 20. Qg3 Qh6 21. Rd2 Qh5 22. Rhd1 Qc5 23. Qd6 Qg5 24. Qxa6 Qc5 25. Qd6 Qb5 26. Qb4 Qg5 27. Qxe4 f5 28. Qe5 Re7 29. f4 Qg6 30. g3 Rcc7 31. Nd5 Bxd5 32. Qxd5+ Kg7 33. Qd4+ Kf7 34. Qf2 Qe6 35. Rd5 Qe4 36. Qd2 Kg7 37. Qd4+ Kg6 38. Qxe4 Rxe4 39. b3 Re2 40. R5d2 Re3 41. Kb2 Rce7 42. Rd3 R3e4 43. R1d2 h5 44. h4 a6 45. Rd6+ R7e6 46. c4 Kf6 47. Rxe6+ Kxe6 48. Kc3 Re3+ 49. Rd3 Re4 50. Kb4 Re1 51. Kc5 Ke7 52. b4 1-0

[Event "GER AK-1792 email"]
[Site "GER email"]
[Date "2010.02.17"]
[Round "?"]
[White "Deckert, Frank"]
[Black "Suermann, Uwe"]
[Result "1-0"]
[WhiteElo "1632"]
[BlackElo "1366"]
[PlyCount "71"]
[EventDate "2010.02.22"]
[EventType "tourn (corr)"]
[EventRounds "6"]
[EventCountry "GER"]
[SourceTitle "Corr 2013"]
[Source "ChessBase"]
[SourceDate "2012.11.12"]
[SourceVersion "1"]
[SourceVersionDate "2012.11.12"]
[SourceQuality "1"]

1. e4 e6 2. d3 c5 3. Nd2 Nc6 4. g3 d5 5. Bg2 Nf6 6. Ngf3 dxe4 7. dxe4 Be7 8. c3 Qb6 9. 0-0 0-0 10. Re1 e5 11. Nf1 Rd8 12. Qc2 Bg4 13. h3 Bxf3 14. Bxf3 h6 15. g4 Nh7 16. Ng3 Ng5 17. Bg2 Ne6 18. Be3 Qc7 19. Rad1 Nf4 20. Bf1 b6 21. Kh2 Bh4 22. Nf5 Bg5 23. b3 g6 24. Ng3 Bh4 25. Rd2 Ne7 26. Red1 Rxd2 27. Rxd2 Rd8 28. Qd1 Rxd2 29. Qxd2 Bg5 30. Ne2 Kg7 31. a4 Nc6 32. Ng3 Na5 33. b4 cxb4 34. cxb4 Nc4 35. Qc2 b5 36. axb5 1-0

[Event "GER AK-1792 email"]
[Site "GER email"]
[Date "2010.02.17"]
[Round "?"]
[White "Suermann, Uwe"]
[Black "Deckert, Frank"]
[Result "0-1"]
[WhiteElo "1366"]
[BlackElo "1632"]
[PlyCount "76"]
[EventDate "2010.02.22"]
[EventType "tourn (corr)"]
[EventRounds "6"]
[EventCountry "GER"]
[SourceTitle "Corr 2013"]
[Source "ChessBase"]
[SourceDate "2012.11.12"]
[SourceVersion "1"]
[SourceVersionDate "2012.11.12"]
[SourceQuality "1"]

1. e4 d5 2. exd5 Qxd5 3. Nc3 Qd6 4. Nf3 Nf6 5. d4 a6 6. Bc4 b5 7. Bb3 e6 8. 0-0 Bb7 9. Qd3 c5 10. dxc5 Qxd3 11. cxd3 Bxf3 12. gxf3 Bxc5 13. Be3 Nbd7 14. Ne4 Nxe4 15. fxe4 Bxe3 16. fxe3 Rc8 17. Rf2 Ke7 18. Raf1 f6 19. d4 Rhf8 20. e5 fxe5 21. dxe5 Rxf2 22. Rxf2 Nxe5 23. Rg2 g6 24. Rf2 Ng4 25. Rf3 Nf6 26. Kf2 Rd8 27. Ke2 Ne4 28. Rf4 Nc5 29. Bc2 Rf8 30. b4 Nb7 31. Kf3 Rf6 32. Rxf6 Kxf6 33. Be4 Nd6 34. Bc6 h5 35. e4 g5 36. a4 Ke5 37. h3 Kd4 38. axb5 axb5 0-1

[Event "GER AK-1791 email"]
[Site "GER email"]
[Date "2010.02.08"]
[Round "?"]
[White "Suermann, Uwe"]
[Black "Deckert, Frank"]
[Result "0-1"]
[WhiteElo "1366"]
[BlackElo "1632"]
[PlyCount "72"]
[EventDate "2010.02.15"]
[EventType "tourn (corr)"]
[EventRounds "6"]
[EventCountry "GER"]
[SourceTitle "Corr 2013"]
[Source "ChessBase"]
[SourceDate "2012.11.12"]
[SourceVersion "1"]
[SourceVersionDate "2012.11.12"]
[SourceQuality "1"]

1. e4 d5 2. exd5 Qxd5 3. Nc3 Qd6 4. Nf3 Nf6 5. d4 a6 6. Bd3 Bg4 7. Be3 Nc6 8. h3 Bh5 9. Ne4 Nxe4 10. Bxe4 e6 11. c3 Be7 12. Qc2 Bg6 13. 0-0-0 Bxe4 14. Qxe4 Qd5 15. Qxd5 exd5 16. Ne5 Nxe5 17. dxe5 c6 18. f4 g6 19. g4 h5 20. f5 b5 21. Rhe1 hxg4 22. hxg4 gxf5 23. gxf5 0-0-0 24. f6 Bf8 25. Bb6 Bh6+ 26. Kc2 Rdg8 27. Bd4 Rg2+ 28. Kb3 Bf8 29. Rf1 a5 30. a3 Rhh2 31. Rb1 Kd7 32. Rf3 Ke6 33. a4 b4 34. c4 dxc4+ 35. Kxc4 Rc2+ 36. Kb3 c5 0-1

[Event "GER AK-1783 email"]
[Site "GER email"]
[Date "2009.08.25"]
[Round "?"]
[White "Suermann, Uwe"]
[Black "Deckert, Frank"]
[Result "0-1"]
[WhiteElo "1399"]
[BlackElo "1632"]
[PlyCount "60"]
[EventDate "2009.08.31"]
[EventType "tourn (corr)"]
[EventRounds "6"]
[EventCountry "GER"]
[SourceTitle "Corr 2013"]
[Source "ChessBase"]
[SourceDate "2012.11.12"]
[SourceVersion "1"]
[SourceVersionDate "2012.11.12"]
[SourceQuality "1"]

1. d4 Nf6 2. Nc3 d5 3. Bf4 c6 4. e3 Bf5 5. Nf3 e6 6. Bd3 Bxd3 7. Qxd3 Nbd7 8. 0-0 Be7 9. Ne5 0-0 10. Ne2 a6 11. h3 c5 12. c4 dxc4 13. Qxc4 Nxe5 14. dxe5 b5 15. Qc2 Nd5 16. Bg3 Qb6 17. Nc3 Rfd8 18. Rac1 Nxc3 19. bxc3 Ra7 20. Qe4 Rad7 21. Qg4 Qc6 22. Bf4 Qe4 23. f3 Qc4 24. e4 Rd3 25. Bh6 Bf8 26. Bg5 R8d7 27. Kh2 Rxc3 28. Rxc3 Qxc3 29. f4 Qd4 30. Bf6 Qxe4 0-1

[Event "GER theme 37 D04 email"]
[Site "GER email"]
[Date "2009.02.06"]
[Round "?"]
[White "Bachmann, Wolfgang"]
[Black "Deckert, Frank"]
[Result "1-0"]
[WhiteElo "2031"]
[BlackElo "1640"]
[PlyCount "85"]
[EventDate "2009.??.??"]
[EventType "tourn (corr)"]
[EventRounds "8"]
[EventCountry "GER"]
[SourceTitle "Corr 2011"]
[Source "ChessBase"]
[SourceDate "2010.08.31"]
[SourceVersion "1"]
[SourceVersionDate "2010.08.31"]
[SourceQuality "1"]

1. d4 d5 2. Nf3 Nf6 3. e3 c5 4. b3 Nc6 5. Bb2 cxd4 6. exd4 Bf5 7. Bd3 Bxd3 8. Qxd3 e6 9. 0-0 Be7 10. a3 0-0 11. Nbd2 Rc8 12. Rfe1 a6 13. c4 Re8 14. c5 Nd7 15. b4 Bf6 16. Nb3 Qc7 17. h3 Rcd8 18. Bc3 e5 19. Nxe5 Ndxe5 20. Qg3 Qb8 21. dxe5 Bxe5 22. Bxe5 Rxe5 23. Rxe5 Qxe5 24. Qxe5 Nxe5 25. Nd4 Nc6 26. Nf5 Kf8 27. Rc1 g6 28. Nd6 Rd7 29. f4 Nd4 30. Kf2 Kg7 31. g4 Ne6 32. Kg3 h6 33. Rd1 g5 34. Rxd5 gxf4+ 35. Kf3 Kf8 36. h4 a5 37. Ke4 axb4 38. axb4 Nc7 39. Rd2 Ne6 40. Ra2 b6 41. Ra8+ Kg7 42. Nf5+ Kf6 43. Rh8 1-0

[Event "GER theme 37 D04 email"]
[Site "GER email"]
[Date "2009.02.06"]
[Round "?"]
[White "Deckert, Frank"]
[Black "Bachmann, Wolfgang"]
[Result "0-1"]
[WhiteElo "1640"]
[BlackElo "2031"]
[PlyCount "56"]
[EventDate "2009.??.??"]
[EventType "tourn (corr)"]
[EventRounds "8"]
[EventCountry "GER"]
[SourceTitle "Corr 2011"]
[Source "ChessBase"]
[SourceDate "2010.08.31"]
[SourceVersion "1"]
[SourceVersionDate "2010.08.31"]
[SourceQuality "1"]

1. d4 d5 2. Nf3 Nf6 3. e3 c5 4. Nbd2 Nbd7 5. c3 g6 6. Qa4 Qc7 7. Ne5 Bg7 8. Bb5 0-0 9. Nxd7 Bxd7 10. Bxd7 Nxd7 11. 0-0 a6 12. dxc5 Nxc5 13. Qc2 Rfd8 14. e4 b5 15. exd5 Rxd5 16. Nf3 Rad8 17. Be3 Nd3 18. Qe2 e5 19. Rad1 e4 20. Nd4 b4 21. f3 bxc3 22. bxc3 Qxc3 23. fxe4 Rxd4 24. Bxd4 Qxd4+ 25. Kh1 Nf2+ 26. Qxf2 Qxd1 27. Qxf7+ Kh8 28. h3 Qe2 0-1

[Event "GER theme 37 D04 email"]
[Site "GER email"]
[Date "2009.02.06"]
[Round "?"]
[White "Deckert, Frank"]
[Black "Bendig, Frank"]
[Result "0-1"]
[WhiteElo "1640"]
[BlackElo "2093"]
[PlyCount "50"]
[EventDate "2009.??.??"]
[EventType "tourn (corr)"]
[EventRounds "8"]
[EventCountry "GER"]
[SourceTitle "Corr 2011"]
[Source "ChessBase"]
[SourceDate "2010.08.31"]
[SourceVersion "1"]
[SourceVersionDate "2010.08.31"]
[SourceQuality "1"]

1. d4 d5 2. Nf3 Nf6 3. e3 c5 4. Be2 cxd4 5. exd4 g6 6. 0-0 Nc6 7. c3 Bg7 8. Nbd2 Bf5 9. Re1 0-0 10. Nb3 Ne4 11. Nh4 Be6 12. Bd3 a5 13. Bxe4 dxe4 14. Nc5 Bd5 15. Nxe4 e5 16. Nf3 exd4 17. cxd4 Qb6 18. Nc5 Bxf3 19. Qxf3 Nxd4 20. Qd5 Rad8 21. Nd7 Qc7 22. Re7 Nf5 23. Nf6+ Bxf6 24. Rxc7 Rxd5 25. Bh6 Nxh6 0-1

[Event "GER theme 37 D04 email"]
[Site "GER email"]
[Date "2009.02.06"]
[Round "?"]
[White "Deckert, Frank"]
[Black "Noack, Thomas"]
[Result "1/2-1/2"]
[WhiteElo "1640"]
[BlackElo "1640"]
[PlyCount "42"]
[EventDate "2009.??.??"]
[EventType "tourn (corr)"]
[EventRounds "8"]
[EventCountry "GER"]
[SourceTitle "Corr 2011"]
[Source "ChessBase"]
[SourceDate "2010.08.31"]
[SourceVersion "1"]
[SourceVersionDate "2010.08.31"]
[SourceQuality "1"]

1. d4 d5 2. Nf3 Nf6 3. e3 c5 4. b3 cxd4 5. exd4 Nc6 6. Be2 Bg4 7. 0-0 e6 8. Bb2 Bd6 9. Nbd2 0-0 10. c4 Rc8 11. c5 Bb8 12. h3 Bh5 13. a3 Ne4 14. Rc1 Qc7 15. Ne5 Bxe2 16. Qxe2 Nxd2 17. Qxd2 Rfe8 18. g3 Nxe5 19. dxe5 Red8 20. b4 Qe7 21. Kg2 a6 1/2-1/2

[Event "GER AK-1770 email"]
[Site "GER email"]
[Date "2009.01.09"]
[Round "?"]
[White "Deckert, Frank"]
[Black "Werner, Juergen"]
[Result "1-0"]
[WhiteElo "1632"]
[BlackElo "1698"]
[PlyCount "63"]
[EventDate "2009.01.14"]
[EventType "tourn (corr)"]
[EventRounds "6"]
[EventCountry "GER"]
[SourceTitle "Corr 2013"]
[Source "ChessBase"]
[SourceDate "2012.11.12"]
[SourceVersion "1"]
[SourceVersionDate "2012.11.12"]
[SourceQuality "1"]

1. c4 e6 2. Nf3 f5 3. g3 Nf6 4. Bg2 Be7 5. 0-0 0-0 6. d3 d6 7. Nc3 Nc6 8. a3 a5 9. Rb1 Qe8 10. b4 axb4 11. axb4 Qh5 12. b5 Nd8 13. Bd2 Nf7 14. Qc2 Bd7 15. Ra1 Rae8 16. Ra7 Bc8 17. Ra8 Nh6 18. Bxh6 Qxh6 19. Qd2 Qxd2 20. Nxd2 Ng4 21. h3 Ne5 22. Ra7 Nf7 23. Bxb7 Bxb7 24. Rxb7 Bf6 25. Nd1 Ra8 26. Rxc7 Bd8 27. Rc6 Bf6 28. Ne3 Ra2 29. Nf3 Rxe2 30. Rb1 Ra2 31. b6 Ra6 32. c5 1-0